Detalles MARC
| 000 -LIDER |
| fixed length control field |
01471nam a2200313 a 4500 |
| 001 - NÚMERO DE CONTROL |
| Identificador de número de control |
000012903 |
| 003 - IDENTIFICACDOR DE NÚMERO DE CONTROL |
| control field |
DO-SdBNP |
| 005 - DATE AND TIME OF LATEST TRANSACTION |
| control field |
20180305140256.0 |
| 007 - CAMPOS FIJOS DE DESCRIPCIÓN FÍSICA |
| fixed length control field |
000012903 |
| 008 - ELEMENTOS DE LONGITUD FIJA |
| fixed length control field |
091118s2010 dr ac 000 0 spa d |
| 020 ## - ISBN |
| International Standard Book Number |
9945400118 |
| 040 ## - FUENTE DE CATALOGACIÓN |
| Agencia que crea de manera original el registro |
BPMSU |
| Idioma de catalogación |
spa |
| Agencia que realiza la transcripción |
BPMSU |
| 092 ## - LOCALLY ASSIGNED DEWEY DECIMAL CALL NUMBER |
| Número de clasificación |
373.61 |
| Número de ítem (Cutter) |
xxxx |
| 100 ## - ASIENTO PRINCIPAL -- NOMBRE PERSONAL |
| Nombre personal |
Rincón, Andrea Griselda |
| 245 00 - MENCIÓN DE TITULO |
| Título |
Lengua II : |
| Subtítulo |
primer ciclo educación media / |
| Mención de responsabilidad |
Andrea Griselda Rincón, Julia Mery Vásquez Güichardo |
| 260 ## - PUBLICACIÓN, DISTRIBUCIÓN, ETC. (PIE DE IMPRENTA) |
| Lugar de publicación, distribución, etc |
Santo Domingo : |
| Nombre del editor, distribuidor, etc. |
Actualidad Escolar 2000, |
| Fecha de publicación, distribución, etc |
2010 |
| 300 ## - DESCRIPCIÓN FÍSICA |
| Extensión |
250 p. : |
| Otros detalles físicos |
il. ; |
| Dimensiones |
29 cm. |
| 500 ## - NOTA GENERAL |
| Nota general |
La Biblioteca posee la Guía metodológica del primer ciclo educación media |
| 505 0# - NOTA DE CONTENIDO |
| Información miscelánea |
v. 2 : Primer ciclo |
| Título |
Primeras graduadas del instituto de señoritas Salomé Ureña |
| -- |
Un encuentro en la playa |
| -- |
Ouro preto |
| -- |
El hombre |
| -- |
La vega |
| -- |
Hay un pais en el mundo |
| -- |
Polémica sobre los test genéticos en selección de personal |
| -- |
Los resultados macroeconómicos del 2005 |
| -- |
El petróleo en nuestra vida |
| -- |
La agropecuaria mueve el 80% de la economía en Ocoa |
| -- |
Cañas y bueyes |
| -- |
La belleza masculina un punto polémico |
| 650 ## - ENCABEZAMIENTO DE MATERIA--TEMÁTICO |
| Término temático o nombre geográfico como elemento de entrada |
GRAMÁTICA |
| Subdivisión temática general |
ENSEÑANZA SECUNDARIA |
| 650 ## - ENCABEZAMIENTO DE MATERIA--TEMÁTICO |
| Término temático o nombre geográfico como elemento de entrada |
EDUCACIÓN SECUNDARIA |
| Subdivisión temática general |
REPÚBLICA DOMINICANA |
| 650 ## - ENCABEZAMIENTO DE MATERIA--TEMÁTICO |
| Término temático o nombre geográfico como elemento de entrada |
GRAMÁTICA |
| Subdivisión temática general |
LIBROS DE TEXTO |
| 650 ## - ENCABEZAMIENTO DE MATERIA--TEMÁTICO |
| Término temático o nombre geográfico como elemento de entrada |
GRAMÁTICA |
| 651 ## - ENCABEZAMIENTO DE MATERIA--NOMBRE GEOGRÁFICO |
| Subdivisión temática general |
ESTUDIOS Y EJERCICIOS |
| 700 12 - ASIENTO SECUNDARIO -- NOMBRE PERSONAL |
| Nombre personal |
Vásquez Güichardo, Julia Mery |
| 942 ## - ADDED ENTRY ELEMENTS (KOHA) |
| Source of classification or shelving scheme |
Dewey Decimal Classification |
| Koha item type |
Libros |
| 945 ## - INFORMACIÓN DE PROCESAMIENTO LOCAL |
| Información de procesamiento local |
Remanejado para la BNPHU / 2018 VM |
| 956 ## - LOCAL ELECTRONIC LOCATION AND ACCESS (OCLC) |
| Nombre de host |
VMATEO |
| Número de acceso |
10 |
| Información de compresión |
20150813 |
| Inicio de sesión |
BPMSU |
| Procesador de solicitud |
00151 |